| 000 | 00721ngm a22003010a 4500 | ||
|---|---|---|---|
| 001 | PT41984 | ||
| 003 | AR-LpoUNG | ||
| 005 | 20210201232333.0 | ||
| 007 | co ||u|||uuuuu | ||
| 008 | 191001s2004||||ag |||||||||||||||||spa d | ||
| 037 | _c$9.25 | ||
| 040 |
_aAR-LpoUNG _bspa _cAR-LpoUNG _eaacr |
||
| 041 | _aspa | ||
| 044 | _aag | ||
| 082 | 0 | _a871.62 197fal | |
| 100 | 1 | _aHerrero, Liliana | |
| 245 | 1 | 0 | _aFalú - Dávalos |
| 260 |
_aBuenos Aires : _bLQF, _c2004. |
||
| 300 | _a1 disco son. (ca. 39 min.) | ||
| 650 | 4 | _aARTE POPULAR | |
| 650 | 4 | _aFOLKLORE | |
| 650 | 4 | _aMUSICA | |
| 651 | 4 | _aDOCUMENTOS TEORICOS O METODOLOGICOS | |
| 653 | _aCD | ||
| 700 | 1 | _aFalú, Juan | |
| 905 | _a41984 | ||
| 942 | _cCDDVD | ||
| 999 |
_c53418 _d53418 |
||